000 00308nam a2200121Ia 4500
008 250110s9999 xx 000 0 und d
041 _aeng
100 _aJain Prachi
_9182890
245 _aCity Centre Pune
260 _bBNCA B-Arch ID, Pune
_c2016
300 _a110p
700 _aGuide Name:Modak S N
_9210567
999 _c363759
_d363759